| 000 | 00354nam a2200145Ia 4500 | ||
|---|---|---|---|
| 008 | 230917s9999||||xx |||||||||||||| ||und|| | ||
| 040 |
_e59652 _aMAIN |
||
| 041 | _aEnglish | ||
| 082 | _a658.4 L79P | ||
| 100 | _aLock, Dennis | ||
| 245 | 0 | _aFactory administration handbook | |
| 260 |
_aEssex _bGower Press _c1976 |
||
| 300 | _axvi, 496 p. | ||
| 942 | _cBK | ||
| 999 |
_c169533 _d169533 |
||